000 00593nam a2200205 a 4500
001 BRL_299
005 20190320210657.0
008 230713s19uu----gw-g######---#000-0#ger-#
041 _ager
044 _agw
050 4 _aM32.8
_b.K55 1900
245 1 0 _aKlingende Heimat
_beine sammlung der schönsten deutschen volkslieder
_cfür akkordeon bearbeitet von Curt Mahr.
260 _aHamburgo
_bMusikverlag Hans Sikorski
_c[19-?]
300 _a246 p.
_bil.
_c19 cm.
500 _aAu2325
650 1 4 _aMúsica
_ePartituras
_916808
700 1 _aMahr, Curt
_923488
902 _aGRL
942 _2lcc
_cB
999 _c9112
_d9112